STN EN 12697-4: 2002 (73 6160) [neplatná], Asfaltové zmesi. Skúšobné metódy pre asfaltové zmesi spracúvané za horúca Časť 4 Extrakcia asfaltu: Frakčná kolónia

Bibliographic Details
Format: Book
Language:Czech
Slovak
English
PhysicalDescription:16 s. 30 cm
Published: Bratislava Slovenský ústav technickej normalizácie 2002
Subjects:

MARC

LEADER 00000nam a22000005a 4500
001 vtls001443270
003 SK-MaSNL
005 20260301121215.0
008 01 d19s2002 xo f u 00000 cze
035 |a SNK000398494 
040 |a SNK  |b slo  |c SNK  |e AACR2 
041 |a slo  |a cze  |h eng 
044 |a xo  |c SK 
046 |a m  |m 20021001 (účin.)  |n 20051001 (zruš.) 
130 0 |a STN 73 6160 (STN EN 12697-4) [neplatná]  |9 464978 
245 1 0 |a STN EN 12697-4: 2002 (73 6160) [neplatná], Asfaltové zmesi. Skúšobné metódy pre asfaltové zmesi spracúvané za horúca  |n Časť 4  |p Extrakcia asfaltu: Frakčná kolónia 
246 1 0 |a Asfaltové zmensi 
246 1 0 |a Skúšobné metódy pre asfaltové zmesi spracúvané za horúca 
246 1 0 |a Extrakcia asfaltu: Frakčná kolónia 
246 1 0 |a Frakčná kolónia 
260 |a Bratislava  |b Slovenský ústav technickej normalizácie  |c 2002 
300 |a 16 s.  |c 30 cm 
500 |a [Norma je nahradená normou STN EN 12697-4 z októbra 2005] 
500 |a [Táto norma nahrádza STN EN 12697-4 z novembra 2001[ 
540 |a STN vydané na akomkoľvek nosiči sa môžu rozmnožovať a rozširovať iba so súhlasom určenej právnickej osoby  |b SÚTN Bratislava  |c zákon 264/1999 Z. z. 
650 0 7 |a technické normy a štandardy  |z Slovensko  |2 SNKPH  |9 79594 
650 0 7 |a technické normy a štandardy  |z krajiny Európskej únie  |2 SNKPH  |9 289341 
655 7 |a normy  |2 SNKPO  |9 70643 
710 2 |a Slovenský ústav technickej normalizácie  |4 stn  |9 32706 
958 |a OP 
999 |c 728559  |d 730489 
952 |t P60, <03>, [BOOK], {603}  |a SNK  |b SNK  |y PREZ  |7 0  |p 17A0361550  |o snkSTN EN 12697-4  |i snkN 2113/2002  |0 0  |1 0  |4 0  |d 2002-10-31  |l 0  |r 2005-01-02 00:00:00  |w 2026-02-23 
952 |a SNK  |b SNK  |y PREZ  |7 0  |p 17A0361551  |o snkSTN EN 12697-4 D1  |i snkN 2114/2002  |0 0  |1 0  |4 0  |d 2002-10-31  |l 0  |r 2005-01-02 00:00:00  |w 2026-02-23